Основы проектирования химических производств: учебник для вузов

Dades bibliogràfiques
Altres autors: Косинцев В. И. Виктор Иванович (редактор), Михайличенко А. И. Анатолий Игнатьевич, Крашенинникова Н. С. Надежда Сергеевна, Миронов В. М. Владимир Михайлович, Сутягин В. М. Владимир Михайлович
Idioma:rus
Publicat: Москва, Академкнига, 2005
Col·lecció:Учебник для вузов
Matèries:
Format: MixedMaterials Llibre
KOHA link:https://koha.lib.tpu.ru/cgi-bin/koha/opac-detail.pl?biblionumber=85020

MARC

LEADER 00000nam0a2200000 4500
001 85020
005 20231101213406.0
010 |a 5946281313  |b (в пер.)  |b 1000 экз. 
021 |a RU  |b 05-31637  |9 05-1583 
035 |a (RuTPU)RU\TPU\book\91353 
090 |a 85020 
100 |a 20051109d2005 m y0rusy5002 ca 
101 0 |a rus 
102 |a RU 
105 |a a j 001zy 
200 1 |a Основы проектирования химических производств  |e учебник для вузов  |f В. И. Косинцев [и др.]  |g под ред. А. И. Михайличенко 
210 |a Москва  |c Академкнига  |d 2005 
215 |a 332 с.  |c ил. 
225 1 |a Учебник для вузов 
320 |a Библиогр.: с. 325-332. 
451 1 |0 (RuTPU)RU\TPU\book\14446  |y 5-94628-131-3  |t Основы проектирования химических производств  |o учебное пособие  |h Ч. 1  |f В. И. Косинцев [и др.]  |g Томский политехнический университет  |c Томск  |n Изд-во ТПУ  |d 2000  |p 197 с. 
451 1 |0 (RuTPU)RU\TPU\book\112959  |t Основы проектирования химических производств  |o учебник для вузов  |f В. И. Косинцев [и др.]  |g под ред. А. И. Михайличенко  |c М.  |n Академкнига  |d 2006  |p 332 с.  |s Учебник для вузов 
606 1 |a Химические производства, предприятия  |x Проектирование  |2 stltpush  |3 (RuTPU)RU\TPU\subj\73621  |9 86523 
610 1 |a химическая промышленность 
610 1 |a окружающая среда 
610 1 |a охрана 
610 1 |a проектная документация 
610 1 |a промышленные здания 
610 1 |a автоматизированное проектирование 
610 1 |a технологическое оборудование 
610 1 |a материальный баланс 
610 1 |a аппаратура 
610 1 |a расчет 
610 1 |a тепловой расчет 
610 1 |a гидравлический расчет 
610 1 |a механический расчет 
610 1 |a химическое машиностроение 
610 1 |a конструкционные материалы 
610 1 |a трубопроводы 
610 1 |a трубопроводная арматура 
610 1 |a химические заводы 
610 1 |a оборудование 
610 1 |a учебники 
610 1 |a труды учёных ТПУ 
675 |a 66.013.5(075.8)  |v 3  |z rus 
701 1 |a Косинцев  |b В. И.  |c российский химик-технолог  |c профессор Томского политехнического университета, доктор технических наук  |f 1939-  |g Виктор Иванович  |2 stltpush  |3 (RuTPU)RU\TPU\pers\21969 
701 1 |a Михайличенко  |b А. И.  |g Анатолий Игнатьевич  |4 070 
701 1 |a Крашенинникова  |b Н. С.  |c химик-технолог  |c доцент Томского политехнического университета  |g Надежда Сергеевна  |2 stltpush  |3 (RuTPU)RU\TPU\pers\29311 
701 1 |a Миронов  |b В. М.  |c химик-технолог  |c доцент Томского политехнического университета, кандидат технических наук  |f 1935-  |g Владимир Михайлович  |2 stltpush  |3 (RuTPU)RU\TPU\pers\26760 
701 1 |a Сутягин  |b В. М.  |c химик  |c профессор Томского политехнического университета, доктор химических наук  |f 1936-  |g Владимир Михайлович  |2 stltpush  |3 (RuTPU)RU\TPU\pers\22011 
702 1 |a Михайличенко  |b А. И.  |g Анатолий Игнатьевич  |4 340 
801 0 |a RU  |b RKP  |c 20050621  |g PSBO 
801 1 |a RU  |b 63413507  |c 20051109  |g PSBO 
801 2 |a RU  |b 63413507  |c 20210610  |g PSBO 
900 |a Основы проектирования 
900 |a Химическая технология топлива 
900 |a Химическая технология полимеров 
900 |a Биохимия 
900 |a Основы проектирования и оборудование предприятий биотехнологической промышленности 
900 |a Основы проектирования и оборудование предприятий органического синтеза 
942 |c BK 
952 |a 550800  |b 250200  |b 250900  |b 251300  |b 251200 
959 |a 77/20060911  |d 10  |e 0  |f НФ:1  |f УФ:9  |f НФ:1  |f УФ:9